La participación ambiental / (Registro nro. 1884)

Detalles MARC
000 -CABECERA
Campo de control 01158cam a2200301 i 4500
005 - FECHA Y HORA DE LA ULTIMA TRANSACCION
Campo de control 20160124110538.0
008 - ELEMENTOS DE LONGITUD FIJA—INFORMACION GENERAL
Campo de control 990822s1999 ck a r 00010 spa d
015 ## - NATIONAL BIBLIOGRAPHY NUMBER
National bibliography number ck-1999-xxxx
020 ## - ISBN
ISBN 9589272940
040 ## - FUENTE DE CATALOGACIÓN
Agencia catalogadora original la
Agencia transcriptora la
Agencia Modificadora CO-BoIAVH
041 0# - IDIOMA
Código de idioma para texto/pista de sonido o título separado Español
043 ## - GEOGRAPHIC AREA CODE
Geographic area code s-ck---
082 04 - NUMERO DE CLASIFICACION DECIMAL DEWEY
Número de clasificación 363.70525
Número del ítem A66p
100 1# - ASIENTO PRINCIPAL--NOMBRE PERSONAL
Nombre personal Arango Gaviria, Oscar
9 (RLIN) 1748
245 13 - MENCION DE TITULO
Título La participación ambiental /
Mención de responsabilidad Oscar Arango Gaviria y (otros cinco autores) ; compiladores Martha Cárdenas, Claudia Mesa, Manuel Rojas Rubio.
260 ## - PUBLICACION, DISTRIBUCION, ETC. (PIE DE IMPRENTA)
Lugar de publicación, distribución, etc. Bogotá :
Nombre del editor, distribuidor, etc. Departamento Nacional de Planeación, FESCOL,
Fecha de publicación, distribución, etc. 1999.
300 ## - DESCRIPCION FISICA
Extensión 183 páginas ;
Dimensiones 23 cm.
650 14 - ASIENTO SECUNDARIO DE MATERIA - TERMINO TEMATICO
Término temático o nombre geográfico como elemento de entrada Gestión ambiental
Subdivisión geográfica Colombia
9 (RLIN) 54665
650 24 - ASIENTO SECUNDARIO DE MATERIA - TERMINO TEMATICO
Término temático o nombre geográfico como elemento de entrada Medio ambiente
Subdivisión geográfica Colombia
9 (RLIN) 54666
650 24 - ASIENTO SECUNDARIO DE MATERIA - TERMINO TEMATICO
Término temático o nombre geográfico como elemento de entrada Participación comunitaria
Subdivisión geográfica Colombia
9 (RLIN) 54667
700 1# - ASIENTO SECUNDARIO - NOMBRE PERSONAL
Nombre personal Cárdenas, Martha,
Término de relación compiladora,
9 (RLIN) 13582
700 1# - ASIENTO SECUNDARIO - NOMBRE PERSONAL
Nombre personal Mesa, Claudia,
Término de relación compiladora.
9 (RLIN) 13585
700 1# - ASIENTO SECUNDARIO - NOMBRE PERSONAL
Nombre personal Rojas Rubio, Manuel,
Término de relación compilador.
9 (RLIN) 13586
710 2# - ASIENTO SECUNDARIO - NOMBRE CORPORATIVO
Nombre corporativo o de jurisdicción como elemento de entrada Fundación Friedrich Ebert de Colombia.
9 (RLIN) 9581
710 2# - ASIENTO SECUNDARIO - NOMBRE CORPORATIVO
Nombre corporativo o de jurisdicción como elemento de entrada Colombia.
Unidad subordinada Departamento Nacional de Planeación
Lugar de la reunión (Bogotá)
9 (RLIN) 54668
942 ## - ELEMENTOS ADICIONALES (KOHA)
Sistema de clasificación Dewey Decimal Classification
Tipo de ítem Libro
949 ## - LOCAL PROCESSING INFORMATION (OCLC)
a c
b c
Existencias
Withdrawn status Lost status Sistema de Clasificación Damaged status No para préstamo Colección Inventariado Ubicación Permanente Ubicación actual Fecha de adquisición Valor Total Checkouts Número topográfico Inventario / Código de Barras Date last seen Ejemplar Price effective from Forma de adquisición Tipo de material
    Dewey Decimal Classification     General Inventariado 2017 Bogotá Bogotá 24/01/2001 39000.00   LB-363.70525 A66p 002354 04/12/2012 Ej. 1 04/12/2012   Libro